Colorado High School Basketball: Top 20 Scorers - Statistics

General Stats
  • This quiz has been taken 4 times
  • The average score is 1 of 20
Answer Stats
# Player Points High School & Last Year Current Team % Correct
16 Chauncey Billups 1,952 George Washington - 1995 Portland Trail Blazers - (Head Coach)
100%
7 Josh Scott 2,275 Lewis-Palmer / Discovery Canyon - 2012 Utsunomiya Brex - Japan
25%
5 Blair Wilson 2,349 Westminster - 2000 Retired in 2004
0%
1 Brady Baer 2,627 Akron - 2014 Retired in 2018
0%
2 Brian Wood 2,551 Buena Vista - 2001 Retired in 2004
0%
13 Carlton Hurst 1,983 Aurora Central - 2013 Retired in 2018
0%
19 David Simental 1,907 Pueblo West - 2017 Nebraska-Kearney Lopers
0%
11 Dominique Collier 2,044 Denver East - 2014 Retired in 2019
0%
9 Eric Brownlee 2,170 Lone Star - 1979 Retired
0%
8 Jaedon Bowles 2,208 Manual - 2019 Laramie County CC Golden Eagles
0%
10 Justin Bassey 2,066 Colorado Academy - 2016 Retired in 2020
0%
14 Ken Shaw 1,976 Merino - 1970 Retired
0%
15 Luke Stratman 1,967 D'Evelyn - 2013 Retired in 2017 - Baseball
0%
12 Mike Ranson 2,010 Pueblo Central - 2016 Western State Colorado Mountaineers - (Assistant Coach)
0%
4 Mike Worley 2,369 Swink - 1991 Troy Trojans - (Assistant Coach)
0%
20 Nate Engesser 1,906 Colorado Springs Christian - 2012 Retired in 2016
0%
17 Scott Hill 1,917 Ridgway - 1982 Retired
0%
6 Scott Wilson 2,303 Custer County - 1975 Retired
0%
3 Seth Fuqua 2,374 The Vanguard - 2019 North Central Rams
0%
18 Tanner Ervin 1,914 Resurrection Christian - 2017 Retired
0%
No matching quizzes found
Score Distribution
Percent of People with Each Score
Percentile by Number Answered
Your Score History
You have not taken this quiz